Moje cesta k miminku Průvodce těhotenstvím, porodem a šestinedělím

Saved in:
Bibliographic Details
Main Author Denková, Lucie
Format Electronic eBook
LanguageCzech
Published Grada 2026
Edition1. elektronické vydání
Subjects
Online AccessDostupné v BOOKPORT po přihlášení pomocí eduID
ISBN978-80-271-6299-4
978-80-247-5080-4
Physical Description1 online zdroj (96 stran)

Cover

LEADER 00000nam a2200000 i 4500
001 bkp15418
003 CZ-prgp
005 20260407112622.0
006 m o d
007 cr cn
008 260407s2026 xr o 000 0 cze
020 |a 978-80-271-6299-4  |c 195 Kč  |q (online ; pdf) 
020 |a 978-80-247-5080-4  |c 233 Kč  |q (print) 
040 |a Grada  |b cze  |e rda 
100 1 |a Denková, Lucie 
245 1 0 |a Moje cesta k miminku  |b Průvodce těhotenstvím, porodem a šestinedělím  |c Lucie Denková 
250 |a 1. elektronické vydání 
264 1 |b Grada  |c 2026 
300 |a 1 online zdroj (96 stran) 
336 |a text  |b txt  |2 rdacontent 
337 |a počítač  |b c  |2 rdamedia 
338 |a online zdroj  |b cr  |2 rdacarrier 
520 3 |a Praktický průvodce pro každou nastávající maminku. Pomůže zorientovat se v období těhotenství, připraví na porod a také provede šestinedělím. Autorka je zkušená porodní asistentka. 
650 0 4 |a Rodičovství 
856 4 0 |u https://www.bookport.cz/AccountSaml/SignIn/?idp=https://shibboleth.utb.cz/idp/shibboleth&returnUrl=/kniha/moje-cesta-k-miminku-15913/  |y Dostupné v BOOKPORT po přihlášení pomocí eduID